| 000 | 03172nam a2200481 a 4500 | ||
|---|---|---|---|
| 001 | 00003855 | ||
| 003 | DO-SdBNP | ||
| 005 | 20180309130343.0 | ||
| 007 | 00003855 | ||
| 008 | 091125s2012 dr a 000 0 spa d | ||
| 020 | _a9789945117417 | ||
| 040 |
_aBPMSU _bspa _cBPMSU |
||
| 082 | 0 | 4 |
_a372.63 _bJ61o 4to. 2012 |
| 100 | 1 | _aJiménez Malena, Martha Ariza | |
| 245 | 1 | 0 |
_aOrtografía 4 : _b[educación básica] / _cMartha Ariza Jiménez Malena ; editora María Isabel Incháustegui ; dirección editorial Obdulia García de Escobar ; ilustración Ruddy Núñez. |
| 246 | _aEducación básica | ||
| 260 |
_aSanto Domingo : _bSantillana, _c2012. |
||
| 300 |
_a55 p. : _bil. ; _c28 cm. |
||
| 490 | 1 | _aInnova | |
| 505 | 0 |
_gv. 4 : _gUnidad 1 -- _tEl sonido k: Amanecer sureño -- _tEl sonido z: La familia Ramírez -- _gUnidad 2 -- _tSonido G suave: El código secreto -- _tEl sonido J: Liberan cotorras -- _gUnidad 3 -- _tEl uso de r suave: La fauna del lago Enriquillo -- _tEl uso de r fuerte: El origen del carnaval -- _gUnidad 4 -- _tSílaba tónica y tilde: Hacia la montaña -- _tPalabras agudas, llanas y esdrújulas: El río Mao -- _gUnidad 5 -- _tTirde en diptongos e hiatos: Cohetes y satélites... -- _tEl guión: El cuento vacío -- _gUnidad 6 -- _tSignos que cierran enunciados: Luces y sombras -- _tLa h intercalada: Un héroe malhumorado -- _gUnidad 7 -- _tPalabras con z o d final: Propiedad privada -- _tPalabras con cc: El sastre -- _gUnidad 8 -- _tLa coma: Sofía y Estela -- _tEl punto y coma: El partido de pelota -- _gUnidad 9 -- _tPalabras con ll: Marte y Saturno -- _tPalabras terminadas en y: El rey Midas -- _gUnidad 10 -- _tEl punto y aparte: Cómo se reciclan papel y cartón -- _tLos dos puntos: Una buena idea -- _gUnidad 11 -- _tEscribir Cartas: Estimado señor director -- _tEscribir diálogos: Diálogo de sordos -- _gUnidad 12 -- _tEscribir entrevistas: En el metro, con Milenka Venguerov -- _tEscribir cuentos: Los dos amigos -- _gUnidad 13 -- _tEscribir textos explositivos: Los hermanos Wright -- _tEscribir diarios: Diario de a bordo -- |
|
| 650 | 4 |
_aESPAÑOL _xORTOGRAFÍA _xENSEÑANZA BÁSICA |
|
| 650 | 4 |
_aESPAÑOL _xORTOGRAFÍA _xEDUCACIÓN PRIMARIA |
|
| 650 | 4 |
_aESPAÑOL _xORTOGRAFÍA _xESTUDIOS Y EJERCICIOS |
|
| 650 | 4 |
_aESPAÑOL _xORTOGRAFÍA _xLIBROS DE TEXTOS |
|
| 650 | 4 |
_aEDUCACIÓN PRIMARIA _zREPÚBLICA DOMINICANA |
|
| 700 | 1 |
_aIncháustegui, María Isabel, _eed. |
|
| 700 | 1 |
_aNúñez, Ruddy, _eil. |
|
| 700 | 1 |
_aGarcía de Escobar, Obdulia, _eed. |
|
| 830 | 0 | _aInnova | |
| 910 | _aValidado. Control de calidad MFF | ||
| 930 | 1 |
_lBND01 _mLF1 _820091130 _f01 _pHD _g8732 |
|
| 930 | 1 |
_lBND01 _mLF1 _820091130 _f01 _pHD _g8732 _hv. 2 |
|
| 930 | 1 |
_lBND01 _mLF1 _820091130 _f04 _pHD _g8733 _hv. 3 |
|
| 930 | 1 |
_lBND01 _mLF1 _820091204 _f01 _pHD _g8733 _hv. 4 |
|
| 930 | 1 |
_lBND01 _mLF1 _820091204 _f01 _pHD _g8733 _hv. 5 |
|
| 930 | 1 |
_lBND01 _mLF1 _820091204 _f04 _pHD _g8733 _hv. 6 |
|
| 942 |
_2ddc _cBK |
||
| 945 | _aRemanejado para la Bib. BNPHU, 2018/ YL | ||
| 956 |
_aDGARCIA _b10 _c20150813 _lBND01 _h1306 |
||
| 956 |
_aYLOCKWARD _b10 _c20150814 _lBND01 _h1409 |
||
| 956 |
_aVMATEO _b10 _c20150824 _lBPMSU _h00151 |
||
| 956 |
_aLOPEREZ _b10 _c20160413 _lBPMSU _h00041 |
||
| 999 |
_c9736 _d9736 |
||